Statistics for Two-Syllable US Presidents Quiz

Click here to take the quiz!

General Stats

  • This quiz has been taken 345 times
    (344 since last reset)
  • The average score is 19 of 22

Answer Stats

President % Correct
Bill Clinton
95%
Andrew Johnson
95%
Richard Nixon
95%
Lyndon B. Johnson
95%
John Adams
93%
John Quincy Adams
93%
Abraham Lincoln
92%
Ronald Reagan
92%
Jimmy Carter
90%
Andrew Jackson
90%
Woodrow Wilson
87%
Harry Truman
86%
James Monroe
85%
Herbert Hoover
84%
Zachary Taylor
80%
Grover Cleveland
77%
Calvin Coolidge
76%
John Tyler
76%
James Garfield
73%
Warren Harding
71%
Chester A. Arthur
70%
Millard Fillmore
69%

Score Distribution

Percentile by Number Answered

Percent of People with Each Score

Your Score History

You have not taken this quiz since the last reset